Statistics for Chelsea 17-18 Squad

Click here to take the quiz!

General Stats

  • This quiz has been taken 41 times
  • The average score is 16 of 22

Answer Stats

HintAnswer% Correct
13Thibaut Courtois
95%
3Marcos Alonso
92%
24Gary Cahill
89%
22Willian
89%
7N'Golo Kante
89%
9Alvaro Morata
89%
10Eden Hazard
89%
15Victor Moses
84%
CoachAntonio Conte
81%
28Cesar Azpilicueta
78%
11Pedro
78%
4Cesc Fabregas
76%
23Michy Batshuayi
73%
30David Luiz
73%
1Willy Caballero
73%
2Antonio Rudiger
70%
21Davide Zappacosta
70%
6Danny Drinkwater
62%
14Tiemoue Bakayoko
59%
16Kenedy
43%
17Charly Musonda
32%
27Andres Christiansen
8%

Score Distribution

Percentile by Number Answered

Percent of People with Each Score

Your Score History

You have not taken this quiz